| 000 | 00984cab a22002055a 4500 | ||
|---|---|---|---|
| 001 | L143483 | ||
| 008 | 080514e20080509xxkd f s 000 0 eng d | ||
| 035 | _a(Sirsi) u143483 | ||
| 041 | 0 | _aeng | |
| 100 | 1 | _aDaly, Jacqui | |
| 245 | 0 | 0 | _a'Studentification' strikes |
| 260 | _c2008 | ||
| 490 |
_aProperty Week _v73(19) 9 May 2008, 44(1) |
||
| 520 | _aWarns that due to the rise in student numbers, the supply of student accommodation is falling behind demand. The government has recognised this and is reviewing management and living conditions in houses of multiple occupation, amid concerns regarding studentification of certain areas of towns and cities. Charts show the breakdown of types of student accommodation in major cities. Argues that the planning system has a key role to play in restoring balance. | ||
| 590 | _aKA | ||
| 651 | 4 |
_aUnited Kingdom _y |
|
| 690 |
_aResidential property _96266 |
||
| 690 | _aPROPERTY-OTHER PROPERTY TYPES-HALLS OF RESIDENCE | ||
| 942 | _n0 | ||
| 999 |
_c80204 _d80204 |
||